| 000 | 00747nam a2200193 a 4500 | ||
|---|---|---|---|
| 001 | BRCA_2153 | ||
| 005 | 20190320203706.0 | ||
| 008 | 130808s1992----mx-#---###---#000-0#spa-# | ||
| 050 | 4 |
_aF1391.P8 _b.L43 99 _c1992 |
|
| 100 | 1 |
_aMárquez González, Gonzálo _96494 |
|
| 245 | 1 | 0 |
_aRelatos del interoceánico 4 _cGonzálo Márquez González, José Antonio Ruiz Jarquin. |
| 260 |
_aPuebla, México _bGobierno del Estado de Puebla : Secretaría de Cultura : Comisión Puebla V Centenario _c1992 |
||
| 300 |
_a29 cm. _c21 cm. |
||
| 440 | 0 |
_aLecturas Históricas de Puebla _n99 _96495 |
|
| 651 | 4 |
_aPuebla (México) _xHistoria _9409 |
|
| 651 | 4 |
_aPuebla (México) _xDescripción y viajes _9407 |
|
| 700 | 1 |
_aRuiz Jarquin, José Antonio _96496 |
|
| 942 |
_2lcc _cB |
||
| 999 |
_c1910 _d1910 |
||